00784nam a22002177a 450000500170000001000150001702000260003203500140005803700090007208200100008110000280009124500760011926000420019527000340023730000310027170000350030270000320033794200240036999900190039395201540041220241114124909.0 aENG-142013 a9788192060879c230.00 aEN-125545 bDBAD a519.5 aSreenivasulu, M.973958 aBusiness Statistics/cby M. Sreenivasulu; Tirupati Rao [and] E.Nagaraju aGunturbJai Bharath Publishers c2019 a2/18 Brodiepet, Guntur-522002 aVarious Pagingsc26cm.(pb) aRao , Tirupati eAuthor972540 aNagaraju, E.eAuthor972541 2ddccENh519.5mSRE c206222d206222 001040708NFICaBNbBNd2024-10-10eDelivery of Books Act Divisiong230.00l0o519.5 SREpEN-125545r2024-10-10 00:00:00t1v230.00w2024-10-10yEN